[Event "Udaipur Lakecity op 3rd"]
[Site "Udaipur"]
[Date "2019.03.31"]
[Round "7"]
[White "Rathore, SK."]
[Black "Falgun, D Purohit"]
[Result "1-0"]
[WhiteElo "2092"]
[BlackElo "1727"]
[PlyCount "146"]
[EventDate "2019.03.28"]
[EventType "swiss"]
[EventRounds "8"]
[EventCountry "IND"]
[SourceTitle "CBM 189 Extra"]
[Source "ChessBase"]
[SourceDate "2019.06.03"]
[SourceVersion "1"]
[SourceVersionDate "2019.06.03"]
[SourceQuality "1"]

1. e4 c6 2. Nc3 d5 3. Nf3 Bg4 4. h3 Bxf3 5. Qxf3 e6 6. b3 Nf6 7. Bb2 Nbd7 8. exd5 cxd5 9. Bb5 a6 10. Bxd7+ Qxd7 11. g4 Qc7 12. Rc1 Qe5+ 13. Qe2 Qxe2+ 14. Nxe2 Be7 15. c4 0-0 16. Bxf6 Bxf6 17. cxd5 exd5 18. Rc7 b5 19. Rc5 Rfd8 20. 0-0 Be7 21. Rc7 Ba3 22. Nc3 Bd6 23. Rc6 Bb4 24. Rc1 Ba3 25. Re1 d4 26. Nb1 Bb4 27. Kg2 a5 28. a3 Bf8 29. d3 Rd5 30. Re2 h5 31. Rec2 hxg4 32. hxg4 f6 33. Rc8 Ra7 34. Rb8 Kf7 35. a4 bxa4 36. bxa4 Bb4 37. Nd2 Bxd2 38. Rxd2 Rc7 39. Kf3 Rc3 40. Ke4 Re5+ 41. Kxd4 Ra3 42. Rc2 Rxa4+ 43. Rc4 Ra2 44. Rc7+ Re7 45. Rxe7+ Kxe7 46. Rb7+ Ke6 47. Rb6+ Ke7 48. f3 Ra4+ 49. Ke3 g6 50. g5 fxg5 51. Rxg6 Rb4 52. Rxg5 a4 53. Ra5 Kd6 54. d4 Rb3+ 55. Ke4 a3 56. Ra6+ Kd7 57. f4 Kc7 58. f5 Kb7 59. Ra4 Kc6 60. f6 Kd7 61. Ke5 Re3+ 62. Kd5 Rf3 63. Ra7+ Ke8 64. Ke5 Re3+ 65. Kf4 Rb3 66. d5 Rd3 67. Ke4 Rh3 68. d6 a2 69. Rxa2 Kd7 70. f7 Rh8 71. Rf2 Rf8 72. Ke5 Kd8 73. Ke6 Kc8 1-0

[Event "Bhopal op"]
[Site "Bhopal"]
[Date "2018.12.22"]
[Round "2"]
[White "Movsziszian, Karen"]
[Black "Falgun, D Purohit"]
[Result "1-0"]
[WhiteElo "2505"]
[BlackElo "1758"]
[PlyCount "74"]
[EventDate "2018.12.21"]
[EventType "swiss"]
[EventRounds "10"]
[EventCountry "IND"]
[SourceTitle "CBM 188 Extra"]
[Source "ChessBase"]
[SourceDate "2019.02.26"]
[SourceVersion "1"]
[SourceVersionDate "2019.02.26"]
[SourceQuality "1"]

1. g3 g6 2. Bg2 Bg7 3. c4 c6 4. Nc3 Nf6 5. e4 d6 6. Nge2 0-0 7. 0-0 e5 8. d4 Be6 9. d5 cxd5 10. cxd5 Bd7 11. Qb3 Na6 12. Qxb7 Qa5 13. Qb3 Nc5 14. Qd1 Rab8 15. Rb1 Rfc8 16. b3 Bb5 17. Nxb5 Qxb5 18. Nc3 Qb4 19. Bd2 Qd4 20. Qe2 Nd3 21. Rfd1 Ng4 22. Be3 Qxc3 23. Qxg4 Nc5 24. Rdc1 Qb4 25. a3 Qb7 26. b4 h5 27. Qd1 Nd7 28. Bh3 Rxc1 29. Rxc1 Nb6 30. a4 Bf8 31. Rc6 Na8 32. b5 Nb6 33. Qc2 Rd8 34. Rc7 Qb8 35. Qc6 Nxa4 36. Rb7 Qa8 37. Rxa7 Qxc6 1-0

[Event "Mumbai Wealth op 3rd"]
[Site "Mumbai"]
[Date "2018.01.07"]
[Round "9"]
[White "Falgun, D Purohit"]
[Black "Saksham, Rautela"]
[Result "0-1"]
[WhiteElo "1709"]
[BlackElo "1903"]
[PlyCount "72"]
[EventDate "2017.12.30"]
[EventType "swiss"]
[EventRounds "9"]
[EventCountry "IND"]
[SourceTitle "CBM 182 Extra"]
[Source "ChessBase"]
[SourceDate "2018.02.23"]
[SourceVersion "1"]
[SourceVersionDate "2018.02.23"]
[SourceQuality "1"]

1. f4 c5 2. Nf3 Nc6 3. e3 g6 4. Be2 Bg7 5. 0-0 e6 6. c4 Nge7 7. Nc3 d5 8. cxd5 exd5 9. Bb5 0-0 10. Bxc6 Nxc6 11. d4 cxd4 12. Nxd4 Nxd4 13. exd4 Re8 14. Kh1 Bf5 15. Qb3 Bxd4 16. Bd2 Bg7 17. Rae1 d4 18. Nb5 Qb6 19. Na3 Qxb3 20. axb3 Bd3 21. Rxe8+ Rxe8 22. Re1 Rxe1+ 23. Bxe1 b5 24. Kg1 f5 25. Kf2 Kf7 26. Bb4 Ke6 27. Ke1 Kd5 28. Kd2 Ke4 29. g3 Bf6 30. Bc5 a6 31. b4 g5 32. fxg5 Bxg5+ 33. Kd1 Be3 34. Bd6 Kf3 35. Nc2 Bxc2+ 36. Kxc2 Ke2 0-1

[Event "Mumbai Wealth op 3rd"]
[Site "Mumbai"]
[Date "2018.01.01"]
[Round "3"]
[White "Falgun, D Purohit"]
[Black "Deshmukh, Anup"]
[Result "0-1"]
[WhiteElo "1709"]
[BlackElo "2283"]
[PlyCount "133"]
[EventDate "2017.12.30"]
[EventType "swiss"]
[EventRounds "9"]
[EventCountry "IND"]
[SourceTitle "CBM 182 Extra"]
[Source "ChessBase"]
[SourceDate "2018.02.23"]
[SourceVersion "1"]
[SourceVersionDate "2018.02.23"]
[SourceQuality "1"]

1. Nf3 c5 2. g3 Nc6 3. Bg2 d5 4. d3 e5 5. 0-0 f5 6. Nbd2 e4 7. Ne1 Nf6 8. c4 h5 9. cxd5 Qxd5 10. Qb3 Nd4 11. Qxd5 Nxe2+ 12. Kh1 Nxd5 13. dxe4 fxe4 14. Bxe4 Nf6 15. Bd3 Nxc1 16. Rxc1 Bh3 17. Bg6+ Kd7 18. Ng2 Rh6 19. Bc2 Kc7 20. Ne4 Nxe4 21. Bxe4 Re8 22. Bf3 a5 23. Rfe1 Rxe1+ 24. Rxe1 g5 25. Ne3 Be6 26. Nd5+ Kb8 27. b3 Bd6 28. Nc3 Bd7 29. Kg2 g4 30. Bd5 h4 31. Ne4 h3+ 32. Kg1 Be7 33. f4 gxf3 34. Kf2 Rh5 35. Rd1 Bc8 36. a4 Rf5 37. Rd3 Rf8 38. Rxf3 Rd8 39. Bc4 Rd4 40. Ke3 Kc7 41. Rf7 Kd8 42. Rf2 b6 43. Rd2 Rxd2 44. Kxd2 Bf8 45. Ke3 Bh6+ 46. Kf3 Bb7 47. Bd3 Bd5 48. Bc4 Bc6 49. Bd3 Ke7 50. Kg4 c4 51. bxc4 Bxa4 52. Kxh3 Bd7+ 53. Kh4 Bg7 54. Kg5 a4 55. Bb1 Be6 56. Ba2 Bd4 57. Kf4 b5 58. Nd2 b4 59. Ke4 Bg7 60. Kd3 Bf5+ 61. Ke2 Kd6 62. Kd1 Kc5 63. Kc1 Bh6 64. Kd1 Kd4 65. c5 Bxd2 66. Kxd2 b3 67. Kc1 0-1